000 00666nam a2200193Ia 4500
003 GCL
008 140319s9999 xx 000 0 ara d
040 _aGCL /
_cGCL
082 0 4 _a953
_bم ت
100 1 _aمحمد نصر مهنا
245 1 0 _aالتدوين التاريخى ودور المخطوطات السياسية فى العالم الاسلامى /
_cمحمد نصر مهنا
260 _aالقاهرة :
_bدار الفجر للنشر والتوزيع ،
_c1996
300 _a149 ص ؛
_c22 سم
490 _aكتاب
_v0
650 0 4 _aالاسلام
650 0 4 _aالسياسة
650 0 4 _aالتاريخ الاسلامى
942 _2ddc
_cBK
999 _c42537
_d42537